| 000 | 00436cam a2200169 4500 | ||
|---|---|---|---|
| 001 | D12553 | ||
| 008 | 090401t1961 xxu||||| |||| 00| 0 eng d | ||
| 035 | _a(Sirsi) u4159 | ||
| 041 | _aeng | ||
| 100 | _aCurtiss, D.L. | ||
| 245 | _aOperation shopping centers. Guidebook to effective management and promotion | ||
| 260 |
_aUSA _bUrban Land Institute _c1961 |
||
| 350 | _a0 | ||
| 520 | _aShelf 178 | ||
| 942 | _n0 | ||
| 948 | _c04/03/1997 | ||
| 999 |
_c86001 _d86001 |
||